| 000 | 00456nam a2200169Ia 4500 | ||
|---|---|---|---|
| 999 |
_c20745 _d20745 |
||
| 003 | OSt | ||
| 005 | 20200708140012.0 | ||
| 008 | 190216s9999||||xx |||||||||||||| ||und|| | ||
| 040 | _coclc | ||
| 082 |
_a907.2 _bMAT/H |
||
| 100 |
_aMathew, Reji P _93672 |
||
| 245 | 0 |
_aHistoriography / _cReji P Mathew |
|
| 260 |
_bMgm Publications, _aCochin: |
||
| 300 | _a226p | ||
| 650 | _aHistory | ||
| 942 |
_cBK _2ddc _h907.2 _iMAT/H _k907.2 _mMAT/H |
||